Die ankunft der kirche in der modernen welt: die wirkung der pastoralkonstitution Gaudium et Spes aus deutscher und chilenischer perspektive
Saved in:
| Main Authors: | , , |
|---|---|
| Format: | Bog |
| Sprog: | tysk |
| Udgivet: |
Múnich
Don Bosco
2006
|
| Udgivelse: | 1a. ed |
| Serier: | Benediktbeurer Hochschulschriften, 22
|
| Fag: | |
| Tags: |
Tilføj Tag
Ingen Tags, Vær først til at tagge denne postø!
|
MARC
| LEADER | 00000cam a2200000 a 4500 | ||
|---|---|---|---|
| 001 | UCE6857 | ||
| 003 | CL-VaPUC | ||
| 008 | 150507e20060000gw |||||||||||||||||ger|d | ||
| 020 | |a 9783769816068 | ||
| 082 | 0 | 4 | |a 261.1 |b LEC |2 21 |
| 100 | 0 | |a Lechner, Martin |e author |9 579477 | |
| 700 | 0 | |a Bopp, Karl |e author |9 579478 | |
| 700 | 0 | |a Berrios Medel, Fernando |e author |9 579479 | |
| 245 | 1 | 4 | |a Die ankunft der kirche in der modernen welt: die wirkung der pastoralkonstitution Gaudium et Spes aus deutscher und chilenischer perspektive |
| 250 | |a 1a. ed | ||
| 300 | |a 46 p | ||
| 942 | |c BK | ||
| 945 | |d 20150507 00:22:00 |a arojas | ||
| 260 | |a Múnich |b Don Bosco |c 2006 | ||
| 650 | 0 | |a Iglesia Católica |9 256114 | |
| 650 | 7 | |a PASTORAL |2 CL-VaPUC |9 397996 | |
| 651 | 0 | |a Alemania |9 255688 | |
| 651 | 7 | |a CHILE |2 CL-VaPUC |9 579480 | |
| 583 | |a last modification |c 20150507 00:22:00 |k Rodrigo Vera | ||
| 490 | 0 | |a Benediktbeurer Hochschulschriften, 22 | |
| 999 | |c 359037 |d 359035 | ||
| 952 | |0 0 |1 0 |3 erb |4 0 |6 261_100000000000000_LEC_2006 |7 0 |8 A |9 468025 |a BIBTEO |b BIBTEO |e Casale Rolle, Carlos Ignacio, -2014 |i 5172926 |o 261.1 LEC 2006 |p 5172926 |r 2025-01-17 |w 2019-11-23 |y BK |z Catalogado en:20150507 |k ICR | ||